Los antibióticos en el tratamiento de la tuberculosis / (Record no. 19654)

MARC details
000 -LEADER
campo de control de longitud fija 00791nam a2200217 i 4500
001 - NÚMERO DE CONTROL
campo de control 19654
003 - IDENTIFICADOR DE NÚMERO DE CONTROL
campo de control ES-MaACL
005 - FECHA Y HORA DE LA ÚLTIMA TRANSACCIÓN
campo de control 20230906152136.0
007 - CAMPO FIJO DE DESCRIPCIÓN FÍSICA--INFORMACIÓN GENERAL
campo de control de longitud fija t|
008 - DATOS DE LONGITUD FIJA--INFORMACIÓN GENERAL
campo de control de longitud fija 021007q1954 sp ||||1| spa d
100 0# - ENTRADA PRINCIPAL--NOMBRE DE PERSONA
Nombre de persona Abelló, José
9 (RLIN) 18076
245 14 - MENCIÓN DEL TÍTULO
Título Los antibióticos en el tratamiento de la tuberculosis /
Mención de responsabilidad, etc. José Abelló Pascual.
260 ## - PUBLICACIÓN, DISTRIBUCIÓN, ETC.
Lugar de publicación, distribución, etc. [Madrid : Compañía Española de Penicilina,
Fecha de publicación, distribución, etc. 1954]
300 ## - DESCRIPCIÓN FÍSICA
Extensión 12 h. :
Otras características físicas il. ;
Dimensiones 24 cm.
594 ## - Nota al título y mención de responsabilidad
Nota al título y mención de responsabilidad Precede al tít.: Escuela Nacional de Tisiologia.
595 ## -
-- Separata: XIII Conferencia de la Unión Internacional contra la Tuberculosis, p. 183-821.
650 #4 - PUNTO DE ACCESO ADICIONAL DE MATERIA--TÉRMINO DE MATERIA
Término de materia o nombre geográfico como elemento de entrada Tuberculosis-
Subdivisión general Tratamiento.
9 (RLIN) 151845
710 2# - ENTRADA AGREGADA--NOMBRE DE ENTIDAD CORPORATIVA
Nombre de entidad corporativa o nombre de jurisdicción como elemento de entrada Escuela Nacional de Tisiología (España)
9 (RLIN) 3579
852 4# - LOCALIZACIÓN
Ubicación ES-MaACL
Número de control de estantería 1985-F-15
Holdings
Estatus retirado Estado de pérdida Estado de daño No para préstamo Colección Biblioteca de origen Biblioteca actual Ubicación en estantería Fecha de adquisición Fuente de adquisición Total de préstamos Signatura topográfica completa Código de barras Visto por última vez Precio de reemplazo Tipo de ítem Koha
        Colección de folletos Biblioteca del Ateneo de Madrid Biblioteca del Ateneo de Madrid Depósito folletos 17/01/2008     1985-F-15 1020117 23/02/2023 23/02/2023 Folleto